Logos de marque n° 3 - Statistiques

Statistiques générales
  • Ce quiz a été pris 4 027 fois
  • Le résultat moyen est 12 sur 20
Statistiques - réponses
marque % Correct
Instagram
98%
Lacoste
98%
Bic
96%
Gmail
94%
McDonald's
94%
LG
93%
Chanel
88%
Mastercard
85%
Converse
76%
SEAT
71%
Knorr
63%
Motorola
56%
Kodak
52%
Wendy's
35%
Lufthansa
28%
Gatorade
23%
T-Mobile
20%
Bacardi
18%
Barclays
12%
Tide
9%
Aucun quiz correspondant
Distribution des résultats
% des personnes avec chaque résultat
Percentile par nombre de réponses
Votre historique - résultats
Vous n’avez pas pris ce quiz